00480nam a2200157 a 450008200160000010000380001624500200005426000520007430000100012650000350013650500100017165000170018194200080019895200990020699900170030500a220.44bBRI aBritish and Foreign Bible Society aBible ( Hebrew) aLondonbBritish and Foreign Bible Societyc1906 a1384p aincludes index and biblioraphy2 aNotes aBible-Hebrew cGSB 00104070aHMIbHMId2007-06-15g100.00l0o220.44 BRIp11000356r2007-06-15w2026-01-16yBK c18374d18374